000 nam a22 7a 4500
999 _c10442
_d10442
008 180217b ||||| |||| 00| 0 eng d
100 _aCBSE
_96377
245 _aCBSE CCE Sample Papers Social Science-IX
260 _aNew Delhi
_bBest Book